000 00453nam a2200181Ia 4500
001 12869
005 20260306163012.0
008 260306t2005||||xx |||||||||||||| ||spa||
041 _aESP
082 _aRD 420.3
_bO95
100 _aWehmeier, Sally
_eAUT
245 0 _aOxford advanced learners dictionary:
_bof current english
260 _c2005
300 _a1178 páginas :
_c23 cm.
650 _aGEN
654 _aCHU
942 _cLIB
_dJUS
_fJUS
_2ddc
_n
999 _c12869
_d12869